Gemeinden im Main-Tauber-Kreis - Statistiken

Allgemein
  • Dieses Quiz wurde 105 mal gespielt
  • Das Durchschnittsergebnis liegt bei 11 aus 18
Antwortstatistiken
% Korrekt
Tauberbischofsheim
95%
Bad Mergentheim
91%
Lauda-Königshofen
84%
Wertheim
84%
Weikersheim
66%
Assamstadt
60%
Ahorn
57%
Boxberg
57%
Grünsfeld
53%
Großrinderfeld
52%
Werbach
52%
Freudenberg
50%
Igersheim
50%
Niederstetten
50%
Creglingen
47%
Külsheim
45%
Königheim
43%
Wittighausen
43%
Keine übereinstimmenden Quizze gefunden
Verteilung der Resultate
Anzahl Personen mit jedem Resultat
Perzentil nach korrekt beantworteten Fragen
Ihre Resultats-Entwicklung
Sie haben dieses Quiz noch nicht gespielt